Statistics for National Anthems of Western Europe

Click here to take the quiz!

General Stats

  • This quiz has been taken 18 times
  • The average score is 15 of 26

Answer Stats

TitleCountry% Correct
God Save the QueenEngland / United Kingdom
100%
La MarseillaiseFrance
100%
A PortuguesaPortugal
100%
Gibraltar AnthemGibraltar
93%
Marcha RealSpain
93%
Het WilhelmusNetherlands
87%
Flower of ScotlandScotland
87%
Amhrán na bhFiannIreland
80%
Hymne MonégasqueMonaco
80%
Ó, Guð Vors LandsIceland
73%
Psalmus HelveticusSwitzerland
73%
De Vlaamse LeeuwFlanders
67%
Le Chant des WallonsWallonia
67%
La BrabançonneBelgium
53%
Ons HeemechtLuxembourg
53%
Hen Wlad fy NhadauWales
53%
Eusko Abendaren EreserkiaBasque Country
40%
Els SegadorsCatalonia
40%
Tú Alfagra Land MíttFaroe Islands
40%
Bro Gozh ma ZadoùBrittany
33%
Os PinosGalicia
33%
Sarnia CherieGuernsey
27%
Arrane Ashoonagh VanninIsle of Man
27%
Ma NormandieJersey
27%
Se CantaOccitania
7%
Diu vi Salvi ReginaCorscia
0%

Score Distribution

Percentile by Number Answered

Percent of People with Each Score

Your Score History

You have not taken this quiz